| 000 | 00565nam a22001817a 4500 | ||
|---|---|---|---|
| 999 |
_c9412 _d9412 |
||
| 008 | 210410b ||||| |||| 00| 0 eng d | ||
| 040 | _aBMS College of Architecture | ||
| 100 | _aJagannath, Sindhu | ||
| 245 | _aEcological Aspects of urban planning | ||
| 300 | _a92p. | ||
| 500 | _a1BM07AHD06 | ||
| 502 |
_8M.Arch _NBMS College of Architecture, Visvesvaraya Technological University _aDissertation _d2009 |
||
| 650 | _aEcological | ||
| 650 | _aplanning | ||
| 700 |
_aRama R Subrahmanian _eGuide |
||
| 700 |
_aSatya Prakash Varanasi _eGuide |
||
| 942 |
_2ddc _cPGTHE |
||